Using niche-based GIS modeling to test geographic predictions of competitive release in South American pocket mice (Registro nro. 13176)

Detalles MARC
000 -CABECERA
Campo de control 004310000a22001330004500
090 ## - CLASIFICACIÓN LOCAL
Colección AR
Consecutivo 03002
041 0# - IDIOMA
Código de idioma para texto/pista de sonido o título separado
100 1# - ASIENTO PRINCIPAL--NOMBRE PERSONAL
Nombre personal Anderson, Robert P.
245 10 - MENCION DE TITULO
Título Using niche-based GIS modeling to test geographic predictions of competitive release in South American pocket mice
700 1# - ASIENTO SECUNDARIO - NOMBRE PERSONAL
Nombre personal Peterson, Townsend
700 1# - ASIENTO SECUNDARIO - NOMBRE PERSONAL
Nombre personal Gómez Laverde, Marcela
773 1# - Item fuente:
Título Oikos
Descripción física 98
Paginas del Articulo 3-16
Lugar, editorial y fecha de publicación 2002
942 ## - ELEMENTOS ADICIONALES (KOHA)
Tipo de ítem Artículo
Existencias
Withdrawn status Lost status Damaged status No para préstamo Colección Ubicación Permanente Ubicación actual Fecha de adquisición Fuente de Valor Datos de publicación Seriada Total Checkouts Número topográfico Inventario / Código de Barras Date last seen Ejemplar Price effective from Forma de adquisición Tipo de material
      No para Préstamo Hemeroteca Bogotá Bogotá 01/08/2005 Gómez Laverde, Marcela Fuera de circulación   AR 03002 019580 25/03/2015 1 25/03/2015   Artículo